Rethinking conservation Series Humayun's tomb conservation (Record no. 6542)
[ view plain ]
| 000 -LEADER | |
|---|---|
| fixed length control field | 00284nam a2200109Ia 4500 |
| 008 - FIXED-LENGTH DATA ELEMENTS--GENERAL INFORMATION | |
| fixed length control field | 200302s9999 xx 000 0 und d |
| 100 ## - MAIN ENTRY--PERSONAL NAME | |
| Personal name | Ratish Nanda |
| 245 ## - TITLE STATEMENT | |
| Title | Rethinking conservation Series Humayun's tomb conservation |
| 260 ## - PUBLICATION, DISTRIBUTION, ETC. | |
| Name of publisher, distributor, etc. | Mapin Publishing |
| 260 ## - PUBLICATION, DISTRIBUTION, ETC. | |
| Date of publication, distribution, etc. | 2017 |
| 300 ## - PHYSICAL DESCRIPTION | |
| Extent | 163 |
| Withdrawn status | Lost status | Damaged status | Not for loan | Permanent Location | Current Location | Date acquired | Cost, normal purchase price | Total Checkouts | Full call number | Barcode | Date last seen | Date last checked out | Price effective from | Koha item type |
|---|---|---|---|---|---|---|---|---|---|---|---|---|---|---|
| BMS College of Architecture, Design and Planning | BMS College of Architecture, Design and Planning | 2020-03-03 | 1295.00 | 3 | 726.8095456 | AR-UG444 | 2024-06-12 | 2024-05-22 | 2020-03-03 | UG Books |